Nicknames to Given Names - Statistics

General Stats
  • This quiz has been taken 53 times
  • The average score is 15 of 26
Answer Stats
Hint Answer % Correct
Dick Richard
96%
Bob Robert
91%
Kate Katherine
89%
Bill William
89%
Jim James
87%
Tony Anthony
85%
Teddy Theodore
85%
Chuck Charles
77%
Art Arthur
74%
Dot Dorothy
72%
Hank Henry
68%
Betsy Elizabeth
66%
Jack John
66%
Paddy Patrick
64%
Penny Penelope
60%
Winnie Winifred
55%
Lottie Charlotte
49%
Peggy Margaret
49%
Cindy Cynthia
47%
Fanny Frances
36%
Sally Sarah
34%
Tillie Matilda
28%
Barney Bernard
26%
Kit Christopher
19%
Jenny Jane
17%
Polly Mary
15%
No matching quizzes found
Score Distribution
Percent of People with Each Score
Percentile by Number Answered
Your Score History
You have not taken this quiz